| 000 | 00937nam a2200313Ia 4500 | ||
|---|---|---|---|
| 005 | 20250117103640.0 | ||
| 008 | 008 250103s9999 xx 000 0 eng d | ||
| 020 | _a9781119426158 | ||
| 037 | _aTextual | ||
| 040 |
_aCSL _beng _cCSL |
||
| 041 |
_aeng _2eng |
||
| 084 |
_aG11:5 P5;R0;2-;3 _qCSL |
||
| 100 | _aFreeland, J R | ||
| 245 | 0 |
_aMolecular ecology _cFreeland, J R |
|
| 250 | _a3rd | ||
| 260 |
_aRiver street _bWiley Blackwell Usa _c2020 |
||
| 300 | _axiii,363p. ill. | ||
| 650 |
_a Haploid chromosomes _9734487 |
||
| 650 |
_a Hardy weinberg equilibrium _9734488 |
||
| 650 |
_a Metabarcoding _9734489 |
||
| 650 | _a Molecular Genetics in ecology | ||
| 650 |
_a Molecular markers in ecology _9734490 |
||
| 650 |
_a Phylogeography _9711330 |
||
| 650 |
_a Quantitative pcr _9734491 |
||
| 650 | _a Species | ||
| 650 | _aBotany | ||
| 942 |
_cTEXL _hG11:5 P5;R0;2-;3 |
||
| 999 |
_c1237971 _d1237971 |
||